| 000 | 00386nam a22001577a 4500 | ||
|---|---|---|---|
| 003 | OSt | ||
| 005 | 20260423113317.0 | ||
| 008 | 260423b |||||||| |||| 00| 0 eng d | ||
| 020 | _a9789354511615 | ||
| 040 | _cIIMT COLLEGE OH PHARMACY GREATER NOIDA | ||
| 100 | _a. BHISE ,. S.B. | ||
| 245 | _aSOCIAL PHARMACY | ||
| 260 |
_aNEW DELHI _bNIRALI _c2025 |
||
| 300 | _a220 | ||
| 942 |
_2ddc _c06 |
||
| 999 |
_c67927 _d67927 |
||